Gaii institutionum (Record no. 154272)
[ view plain ]
| 000 -LEADER | |
|---|---|
| campo de control de longitud fija | 01192nam a22002535i 4500 |
| 001 - NÚMERO DE CONTROL | |
| campo de control | 154272 |
| 003 - IDENTIFICADOR DE NÚMERO DE CONTROL | |
| campo de control | ES-MaACL |
| 005 - FECHA Y HORA DE LA ÚLTIMA TRANSACCIÓN | |
| campo de control | 20230906205608.0 |
| 008 - DATOS DE LONGITUD FIJA--INFORMACIÓN GENERAL | |
| campo de control de longitud fija | 000117s1846 sp |||| | spa d |
| 040 ## - FUENTE DE CATALOGACIÓN | |
| Centro catalogador/agencia de origen | CCPB | B |
| Lengua de catalogación | spa |
| Centro/agencia transcriptor | CCPB | B |
| 100 1# - ENTRADA PRINCIPAL--NOMBRE DE PERSONA | |
| Nombre de persona | Gayo. |
| 9 (RLIN) | 56152 |
| 245 10 - MENCIÓN DEL TÍTULO | |
| Título | Gaii institutionum |
| Resto del título | : in codice rescripto bibliothecae capitularis vernensis nuper repertarum = La instituta de Gayo : descubierta recientemente en un palimpsesto de la Biblioteca Capitular de Verona / |
| Mención de responsabilidad, etc. | traducida por primera vez al castellano con notas que facilitan la inteligencia del testo [sic]. |
| 260 ## - PUBLICACIÓN, DISTRIBUCIÓN, ETC. | |
| Lugar de publicación, distribución, etc. | Matriti = Madrid : |
| Nombre del editor, distribuidor, etc. | [s.n.], |
| Fecha de publicación, distribución, etc. | 1845 ( |
| Fabricante | Typis societatis literariae et tipograficae = Imprenta de la Sociedad Literaria y Tipografica) |
| 300 ## - DESCRIPCIÓN FÍSICA | |
| Extensión | 336 p. ; |
| Dimensiones | 22 cm. |
| 490 1# - MENCIÓN DE SERIE | |
| Mención de serie | Biblioteca de Jurisprudencia y Legislación |
| 546 ## - NOTA DE IDIOMA | |
| Nota de lengua/lenguaje | Texto paralelo en latín y castellano. |
| 594 ## - Nota al título y mención de responsabilidad | |
| Nota al título y mención de responsabilidad | En port. latina aparece "Comentarios IV" |
| 596 ## - NOTA AL PIE DE IMPRENTA | |
| NOTA AL PIE DE IMPRENTA | Fecha en cub. 1846. |
| 752 ## - ENTRADA AGREGADA--NOMBRE JERÁRQUICO DEL LUGAR | |
| País o entidad superior | España - |
| Ciudad | Madrid |
| 830 0# - PUNTO DE ACCESO ADICIONAL DE SERIE-TÍTULO UNIFORME | |
| Título uniforme | Biblioteca de Jurisprudencia y Legislación |
| 9 (RLIN) | 187709 |
| 852 ## - LOCALIZACIÓN | |
| Ubicación | ES-MaACL |
| Número de control de estantería | D-401(1) |
| Nota libre | -- Enc. hol. |
| -- | -- Legado Charro Hidalgo |
| Estatus retirado | Estado de pérdida | Estado de daño | No para préstamo | Colección | Biblioteca de origen | Biblioteca actual | Ubicación en estantería | Fecha de adquisición | Fuente de adquisición | Total de préstamos | Signatura topográfica completa | Código de barras | Visto por última vez | Precio de reemplazo | Tipo de ítem Koha |
|---|---|---|---|---|---|---|---|---|---|---|---|---|---|---|---|
| Libros del s. XIX | Biblioteca del Ateneo de Madrid | Biblioteca del Ateneo de Madrid | Sala Valle Inclán | 17/01/2008 | D-401(1) | 901161319 | 23/02/2023 | 23/02/2023 | Libro impreso antiguo |
